| 000 | 02750cam a2200325 i 4500 | ||
|---|---|---|---|
| 003 | SA-RiAUC | ||
| 005 | 20260313140426.0 | ||
| 008 | 260123s1908 ua g 00010 ara c | ||
| 040 |
_aSA-RiAUC _bara _cSA-RiAUC _erda |
||
| 082 | 0 | 4 |
_a252.4 _qSA-RiAUC |
| 090 |
_aم ن 252.4 _bا ح م |
||
| 100 | 1 |
_aأحمد الحسيني، أحمد بن أحمد بن يوسف، _cبك، _d1271-1332 هجري _eمؤلف. |
|
| 245 | 1 | 0 |
_aبهجة المشتاق في بيان حكم زكاة أموال الأوراق / _cأحمد بك الحسيني. |
| 264 | 1 |
_a[مكان النشر غير محدد] : _b[الناشر غير محدد]، _c1908 |
|
| 264 | 3 |
_aالقاهرة : _bمطبعة كردستان العلمية |
|
| 300 |
_a221 صفحة ؛ _c29 سم |
||
| 336 |
_aنص _btxt _2rdacontent _3كتاب |
||
| 337 |
_aبدون وسيط _bn _2rdamedia |
||
| 338 |
_aمجلد _bnc _2rdacarrier |
||
| 500 | _aيشتمل على قائمة بالأخطاء وتصويبها. | ||
| 650 | 7 |
_aالزكاة (فقه إسلامي) _2aucsh |
|
| 650 | 7 |
_aالعبادات (فقه إسلامي) _2aucsh |
|
| 650 | 7 |
_aالإسلام والاقتصاد _2aucsh |
|
| 650 | 7 |
_aالأوراق المالية _2aucsh |
|
| 856 | 4 | _uhttp://10.10.10.21/hipres/1313/book.Web/bookTestPage.html | |
| 856 |
_uhttp://dlib.nyu.edu/aco/book/aub_aco000509/1?lang=ar _yDigital Copy _2 نرجو الانتباه لإمكانية وجود اختلاف في الطبعة أو الناشر بين البيانات على البوابة وما ستجده على الكتاب نظرا لمحدودية المعلومات المتاحة على الموقع الناشر للمادة. _3Please note that there may be a difference in the edition or publisher between the data on the portal and the book due to the limited information available on the publisher website for the material. |
||
| 856 |
_uhttp://dl-img.home.nyu.edu/adore-djatoka/resolver?url_ver=Z39.88-2004&svc_id=info%3Alanl-repo/svc/getRegion&svc_val_fmt=info%3Aofi/fmt%3Akev%3Amtx%3Ajpeg2000&svc.format=image/jpeg&rft_id=http%3A//dlib.nyu.edu/files/books/aub_aco000509/aub_aco000509_n000001_d.jp2&svc.scale=230 _yCoverImage _2 نرجو الانتباه لإمكانية وجود اختلاف في الطبعة أو الناشر بين البيانات على البوابة وما ستجده على الكتاب نظرا لمحدودية المعلومات المتاحة على الموقع الناشر للمادة. _3Please note that there may be a difference in the edition or publisher between the data on the portal and the book due to the limited information available on the publisher website for the material. |
||
| 942 |
_2ddc _cRBOOK COPY _n0 |
||
| 949 |
_aSA-JeALM _d260123 _umohamedma123 _n1 |
||
| 999 |
_c14576 _d14576 |
||